|
|
|
|
| LEADER |
01059nam a22002417a 4500 |
| 001 |
38067 |
| 003 |
BD-DhAAL |
| 008 |
220315t2021 bg a|||| |||| 00| 0 ben d |
| 999 |
|
|
|c 43783
|d 43783
|
| 020 |
|
|
|a 9789844440235
|
| 040 |
|
|
|a BD-DhAAL
|
| 041 |
|
|
|a ben
|
| 082 |
|
|
|a 338.95492
|2 23
|
| 245 |
|
|
|a উন্নয়ন কর্মবীর মোহাম্মদ ইয়াহিয়া /
|c আলমগীর খান সম্পাদিত
|
| 246 |
|
|
|a Unnayan karmabir Muhammad Yahiya
|
| 260 |
|
|
|a ঢাকা :
|b প্রকৃতি,
|c ২০২১.
|
| 300 |
|
|
|a ২০০ পৃষ্ঠা :
|c চিত্র ;
|b ২২ সে.মি.
|
| 541 |
|
|
|a Donated By Akbar Ali Khan
|e 38067
|
| 650 |
|
|
|a Rural development
|z Bangladesh.
|9 46997
|
| 700 |
|
|
|a খান, আলমগীর
|9 46998
|
| 852 |
|
|
|a Ayesha Abed Library
|c Akbar Ali Khan Collection
|
| 942 |
|
|
|2 ddc
|c BK
|
| 952 |
|
|
|0 0
|1 0
|2 ddc
|4 0
|6 338_954920000000000_UNN
|7 1
|9 70145
|a BRACUL
|b BRACUL
|c AAKC
|d 2022-03-15
|e Donated by Akbar Ali Khan
|l 0
|o 338.95492 UNN
|p 3010038067
|r 2022-03-15
|t 1
|w 2022-03-15
|y BK
|